Normal view
MARC view
Entry Topical Term
001 - CONTROL NUMBER
- control field: 6504
003 - CONTROL NUMBER IDENTIFIER
- control field: BD-RjUL
005 - DATE AND TIME OF LATEST TRANSACTION
- control field: 20230110152729.0
008 - FIXED-LENGTH DATA ELEMENTS
- fixed length control field: 230110|| aca||aabn | a|a d
040 ## - CATALOGING SOURCE
- Original cataloging agency: BD-RjUL
- Transcribing agency: BD-RjUL
150 ## - HEADING--TOPICAL TERM
- Topical term or geographic name entry element: Regarding Discrimination
- Form subdivision: Constitution
- Geographic subdivision: Bangladesh
670 ## - SOURCE DATA FOUND
- Source citation: Work cat.: (BD-RjUL)81042: Alim, Md. Abdul 6503, Cedaw Provision Regarding Discrimination Against Woman With Reference to the Constitution of Bangladesh /, 2013